000 00518nam a2200193 a 4500
001 1771663883496
003 YourLibrary
005 20260221142342.0
008 260221s2001##################000#0#eng##
020 _a9780792373537
082 0 4 _a337.142
_bHAG
100 1 _aHagen, Jürgen von,
_eauthor.
245 1 0 _aRegionalism in Europe :
260 _bBoom Koninklijke Uitgevers,
_c2001.
300 _a278 pages
650 0 _aBusiness & Economics.
942 _cENGLISH
040 _aYourLibrary
_beng
_cYourLibrary
999 _c615068
_d615068